000 00522nam a2200169 a 4500
001 000035374
005 20200930074308.0
008 111028s1955 sp a 000 0 spa d
040 _aDO-SdBNP
_bspa
_cBNPHU
082 _axxx
_bF922c
100 1 _aFrobes, José
_961186
245 1 0 _aCompendio de psicología experimental /
_cJosé Fröbes ; vesrión José A. Menchaca.
250 _a4a ed. española
260 _aMadrid :
_bRazón y Fe,
_c1955.
300 _a382 p. :
_bil. ;
_c20 cm.
700 1 _aMenchaca, José A.
_961187
999 _c34865
_d34865